000 00366nam a2200145Ia 4500
008 230917s9999||||xx |||||||||||||| ||und||
040 _e43147
_aMAIN
041 _aEnglish
082 _a942.085 C436B
100 _aChilds, David
245 0 _aBritain since 1945: a political history
260 _aLondon
_bErnest Benn
_c1979
300 _axi, 308 p.
942 _cBK
999 _c211350
_d211350